[Event "2BLN 2122 SC Rotation Pankow - SG AE Ma"]
[Site "?"]
[Date "2022.07.03"]
[Round "10.1"]
[White "Degtiarev, Evgeny"]
[Black "Szelag, Marcin"]
[Result "0-1"]
[WhiteElo "2380"]
[BlackElo "2427"]
[PlyCount "154"]
[EventDate "2022.??.??"]

1. d4 Nf6 2. c4 g6 3. Nc3 Bg7 4. e4 d6 5. h3 O-O 6. Be3 c5 7. d5 e6 8. Nf3 exd5
9. exd5 a6 10. Bd3 b5 11. cxb5 axb5 12. Bxb5 Ne4 13. Nxe4 Qa5+ 14. Nfd2 Qxb5
15. Nxd6 Qxb2 16. Rb1 Qxa2 17. Qb3 Qxb3 18. Nxb3 Bc3+ 19. Ke2 Ba6+ 20. Kf3 Be5
21. Bxc5 Rd8 22. Ne4 f5 23. Ned2 Rxd5 24. Be3 Nd7 25. g3 Bb7 26. Ke2 Ra2 27.
Rhc1 Kf7 28. Kf1 Ba6+ 29. Nc4 Ra4 30. Nbd2 Rxd2 31. Bxd2 Bxc4+ 32. Kg1 Bd5 33.
Rb5 Be4 34. Ra5 Rxa5 35. Bxa5 g5 36. Bd2 h6 37. Be3 f4 38. gxf4 gxf4 39. Ba7
Ke6 40. Rc8 Kf5 41. Rd8 Bc6 42. Rc8 Bd5 43. Rd8 Be6 44. Re8 Nf6 45. Re7 Ne4 46.
Rh7 Ng5 47. Rxh6 Bg7 48. Rh5 Kg6 49. Rxg5+ Kxg5 50. Kh2 Bd5 51. Bb8 Kf5 52. Bc7
Be5 53. Bb6 Bf6 54. Bc7 Bh4 55. Kg1 Bg5 56. Kh2 Ke4 57. Kg2 Kd3+ 58. Kf1 Kd2
59. h4 Bh6 60. Bd8 Bc4+ 61. Kg2 Ke2 62. Be7 Bd5+ 63. Kg1 Kf3 64. Bc5 Bg7 65.
Bb6 Bf7 66. Bc5 Bf6 67. Bb6 Bxh4 68. Kf1 Bf6 69. Bc5 Bc4+ 70. Kg1 Be2 71. Bb6
Ke4 72. Kg2 Bd4 73. Bc7 Bf3+ 74. Kg1 Kf5 75. Bd6 Kg4 76. Kf1 Bd5 77. Ke2 Bc4+
0-1

[Event "2BLN 2122 SC Rotation Pankow - SG AE Ma"]
[Site "?"]
[Date "2022.07.03"]
[Round "10.2"]
[White "Dauth, Benjamin"]
[Black "Gungl, Theo"]
[Result "1/2-1/2"]
[WhiteElo "2234"]
[BlackElo "2387"]
[PlyCount "48"]
[EventDate "2022.??.??"]

1. e4 c5 2. c3 Nf6 3. e5 Nd5 4. Nf3 Nc6 5. Bc4 e6 6. O-O d6 7. exd6 Qxd6 8. d4
cxd4 9. Nxd4 Nxd4 10. Qxd4 Nb6 11. Bb5+ Bd7 12. Bxd7+ Qxd7 13. Be3 Nd5 14. Bd2
Nf6 15. Qxd7+ Nxd7 16. c4 Rc8 17. b3 Be7 18. Nc3 a6 19. Rad1 O-O 20. Ne4 Nc5
21. Nxc5 Bxc5 22. Be3 Bxe3 23. fxe3 Rfd8 24. Kf2 Kf8 1/2-1/2

[Event "2BLN 2122 SC Rotation Pankow - SG AE Ma"]
[Site "?"]
[Date "2022.07.03"]
[Round "10.3"]
[White "Malek, Daniel"]
[Black "Neumeier, Lars"]
[Result "1-0"]
[WhiteElo "2346"]
[BlackElo "2308"]
[PlyCount "85"]
[EventDate "2022.??.??"]

1. d4 Nf6 2. c4 c5 3. d5 b5 4. cxb5 a6 5. bxa6 Bxa6 6. Nc3 g6 7. e4 Bxf1 8.
Kxf1 d6 9. Nf3 Nbd7 10. g3 Bg7 11. Kg2 O-O 12. a4 Qb6 13. Qc2 Rfb8 14. Nb5 Ne8
15. Bd2 Ne5 16. Nxe5 Bxe5 17. Rab1 Rc8 18. b3 Qa6 19. Qc4 Qb7 20. Rhd1 Bg7 21.
Kg1 Qd7 22. Rdc1 Nf6 23. Bf4 Qh3 24. Rc2 Ng4 25. f3 Ne5 26. Bxe5 Bxe5 27. f4
Bg7 28. Re1 g5 29. e5 gxf4 30. exd6 exd6 31. Qxf4 Re8 32. Rf1 Rad8 33. Qxf7+
Kh8 34. Qf5 Qh6 35. Rf3 Re5 36. Qd3 Qh5 37. Kg2 Rxd5 38. Qe4 Re8 39. Qc4 Rd1
40. Re2 d5 41. Qc2 Rxe2+ 42. Qxe2 Rb1 43. Rf8+ 1-0

[Event "2BLN 2122 SC Rotation Pankow - SG AE Ma"]
[Site "?"]
[Date "2022.07.03"]
[Round "10.4"]
[White "Mueller, Michael"]
[Black "Biastoch, Bennet"]
[Result "1/2-1/2"]
[WhiteElo "2243"]
[BlackElo "2240"]
[PlyCount "47"]
[EventDate "2022.??.??"]

1. d4 d5 2. c4 c6 3. Nf3 Nf6 4. e3 e6 5. Nc3 Nbd7 6. Qc2 Bd6 7. b3 O-O 8. Be2
b6 9. O-O Bb7 10. e4 e5 11. Rd1 Rc8 12. Bg5 exd4 13. Nxd4 Qc7 14. Nf3 a6 15.
Bxf6 Nxf6 16. Qd3 Rfd8 17. exd5 cxd5 18. Nxd5 Nxd5 19. cxd5 Be7 20. Qe3 Qc5 21.
Qf4 Qc7 22. Qe3 Qc5 23. Qf4 Qc7 24. Qe3 1/2-1/2

[Event "2BLN 2122 SC Rotation Pankow - SG AE Ma"]
[Site "?"]
[Date "2022.07.03"]
[Round "10.5"]
[White "Melamed, Tatjana"]
[Black "Guth, Thomas"]
[Result "1-0"]
[WhiteElo "2380"]
[BlackElo "2238"]
[PlyCount "103"]
[EventDate "2022.??.??"]

1. e4 e6 2. d4 d5 3. Nd2 Nf6 4. e5 Nfd7 5. Bd3 c5 6. c3 Nc6 7. Ne2 cxd4 8. cxd4
f6 9. exf6 Nxf6 10. O-O Bd6 11. Nf3 O-O 12. Bf4 Nh5 13. Bxd6 Qxd6 14. Bb5 Rxf3
15. gxf3 Bd7 16. Qd2 Rf8 17. Qe3 Rf6 18. Bxc6 bxc6 19. Qe5 Qxe5 20. dxe5 Rxf3
21. Rac1 Nf4 22. Nxf4 Rxf4 23. Rfe1 Rg4+ 24. Kf1 Ra4 25. a3 Ra6 26. Rc5 Rb6 27.
b4 a6 28. Rec1 Kf7 29. R1c3 Be8 30. Ke1 Ke7 31. Kd2 Kd8 32. Ra5 Ke7 33. Ke3 Bh5
34. Kd4 Be2 35. Re3 Bb5 36. Rg3 Kf7 37. Kc5 Rb8 38. a4 Be2 39. b5 cxb5 40. Rxa6
Rc8+ 41. Kd6 Rd8+ 42. Kc7 Re8 43. Re3 Bc4 44. a5 d4 45. Rf3+ Kg6 46. Rd6 Be2
47. Rg3+ Kf5 48. Rxd4 Kxe5 49. Rd8 Rxd8 50. Kxd8 Kd6 51. a6 Kc6 52. Ra3 1-0

[Event "2BLN 2122 SC Rotation Pankow - SG AE Ma"]
[Site "?"]
[Date "2022.07.03"]
[Round "10.6"]
[White "Bruchmann, Stephan"]
[Black "Paul, Johannes"]
[Result "1/2-1/2"]
[WhiteElo "2217"]
[BlackElo "2316"]
[PlyCount "55"]
[EventDate "2022.??.??"]

1. e4 c5 2. Nf3 Nc6 3. Bb5 e6 4. O-O Nge7 5. Re1 a6 6. Bf1 d5 7. d3 d4 8. e5 b5
9. g3 Bb7 10. Bg2 h6 11. h4 Nd5 12. c4 bxc4 13. dxc4 Nb6 14. b3 Qd7 15. a3 Be7
16. Qd3 a5 17. a4 Nb4 18. Qd1 Bc6 19. Bd2 Qb7 20. Bxb4 cxb4 21. Nbd2 Nd7 22.
Bf1 Bc5 23. Bd3 O-O-O 24. Ne4 f5 25. exf6 gxf6 26. Qe2 e5 27. Nfd2 Be7 28. Qh5
{(=)} 1/2-1/2

[Event "2BLN 2122 SC Rotation Pankow - SG AE Ma"]
[Site "?"]
[Date "2022.07.03"]
[Round "10.7"]
[White "Schoene, Maria"]
[Black "Boetzer, Detlef"]
[Result "1-0"]
[WhiteElo "2178"]
[BlackElo "2205"]
[PlyCount "69"]
[EventDate "2022.??.??"]

1. e4 e6 2. d4 d5 3. Nc3 Bb4 4. e5 Ne7 5. a3 Bxc3+ 6. bxc3 c5 7. Nf3 h6 8. h4
b6 9. Bb5+ Bd7 10. Bd3 c4 11. Be2 Ba4 12. h5 Nbc6 13. O-O Kd7 14. Bf4 Qg8 15.
Qd2 Qh7 16. Rac1 Kc7 17. Nh2 Kb7 18. Kh1 Raf8 19. Rfe1 g5 20. Bg3 f5 21. exf6
Rxf6 22. Ng4 Rff8 23. Bf3 Qf7 24. Ne5 Nxe5 25. Rxe5 Nf5 26. Kg1 Re8 27. Qe2
Nxg3 28. fxg3 Bd7 29. Rf1 Qg7 30. Bg4 Qe7 31. a4 Qa3 32. Rf7 Kc8 33. Bxe6 Rxe6
34. Rxe6 Qxa4 35. Qe5 1-0

[Event "2BLN 2122 SC Rotation Pankow - SG AE Ma"]
[Site "?"]
[Date "2022.07.03"]
[Round "10.8"]
[White "Lisek, Juergen"]
[Black "Armbrust, Florian"]
[Result "0-1"]
[WhiteElo "2195"]
[BlackElo "2263"]
[PlyCount "54"]
[EventDate "2022.??.??"]

1. e4 c5 2. Nf3 d6 3. d4 cxd4 4. Nxd4 Nf6 5. Nc3 Nc6 6. Bc4 e6 7. Be3 Be7 8.
Qe2 a6 9. Bb3 Qc7 10. O-O-O Na5 11. g4 b5 12. g5 Nxb3+ 13. axb3 Nd7 14. h4 b4
15. Na4 Nc5 16. f3 Bd7 17. Kb1 Bxa4 18. bxa4 Nxa4 19. h5 Rb8 20. g6 Bf6 21.
Qxa6 Nc3+ 22. bxc3 bxc3+ 23. Kc1 O-O 24. Nb3 Ra8 25. Qxd6 Qc4 26. Rd3 Rfb8 27.
Bd4 Rxb3 0-1

[Event "2BLN 2122 SF Berlin II - SK Zehlendorf"]
[Site "?"]
[Date "2022.07.03"]
[Round "10.2"]
[White "Schmidek, Emil"]
[Black "Sawlin, Leonid"]
[Result "1/2-1/2"]
[WhiteElo "2418"]
[BlackElo "2391"]
[PlyCount "40"]
[EventDate "2022.??.??"]

1. d4 d5 2. c4 e6 3. Nc3 Nf6 4. cxd5 exd5 5. Bg5 Be7 6. e3 Nbd7 7. Bd3 c6 8.
Qc2 O-O 9. Nf3 Re8 10. h3 Nf8 11. Bf4 Be6 12. O-O Ng6 13. Bh2 Rc8 14. Na4 Nd7
15. a3 c5 16. dxc5 Nxc5 17. Nxc5 Bxc5 18. Qd2 Nh4 19. Nxh4 Qxh4 20. Bg3 Qf6 {
(=)} 1/2-1/2

[Event "2BLN 2122 SF Berlin II - SK Zehlendorf"]
[Site "?"]
[Date "2022.07.03"]
[Round "10.3"]
[White "Lagunow, Raphael"]
[Black "Florstedt, Johannes"]
[Result "1/2-1/2"]
[WhiteElo "2401"]
[BlackElo "2368"]
[PlyCount "99"]
[EventDate "2022.??.??"]

1. e4 c5 2. Nf3 d6 3. d4 cxd4 4. Nxd4 Nf6 5. Nc3 a6 6. Be3 e5 7. Nb3 Be6 8. f3
h5 9. Qd2 Nbd7 10. Nd5 Bxd5 11. exd5 g6 12. O-O-O Nb6 13. Kb1 Nbxd5 14. Bg5 Be7
15. c4 Nb6 16. Na5 Rb8 17. c5 dxc5 18. Qxd8+ Rxd8 19. Rxd8+ Kxd8 20. Nxb7+ Kc7
21. Nxc5 a5 22. Bd3 Bxc5 23. Bxf6 Re8 24. Rc1 Kd6 25. Bb5 Rc8 26. Re1 Bd4 27.
f4 Rc5 28. Be8 Ke6 29. Bxe5 Bxe5 30. Rxe5+ Rxe5 31. fxe5 Nc4 32. Kc2 Ne3+ 33.
Kd3 Nxg2 34. Ke4 g5 35. Bb5 f5+ 36. exf6 Kxf6 37. Be8 Nf4 38. a3 h4 39. Bd7 Ke7
40. Bg4 Kd6 41. Kf5 Nd3 42. b3 Nc5 43. b4 axb4 44. axb4 Nd3 45. b5 Kc5 46. Kxg5
Kxb5 47. Kxh4 Kc5 48. Kg5 Kd6 49. Be2 Ke7 50. Bxd3 1/2-1/2

[Event "2BLN 2122 SF Berlin II - SK Zehlendorf"]
[Site "?"]
[Date "2022.07.03"]
[Round "10.5"]
[White "Lagunow, Alexander"]
[Black "Lundin, Jan"]
[Result "1/2-1/2"]
[WhiteElo "2372"]
[BlackElo "2197"]
[PlyCount "69"]
[EventDate "2022.??.??"]

1. e4 c6 2. d4 d5 3. exd5 cxd5 4. Bd3 Nc6 5. c3 Qc7 6. Ne2 Bg4 7. Na3 e6 8. Qb3
Nf6 9. Bf4 Qd7 10. Be5 Bh5 11. Nf4 Bg6 12. Nxg6 hxg6 13. h3 Be7 14. Nb1 O-O 15.
Nd2 Bd6 16. f4 Nh5 17. O-O f6 18. Bxg6 fxe5 19. Bxh5 exd4 20. g3 dxc3 21. bxc3
g5 22. Bg4 Ne7 23. fxg5 Bxg3 24. Ne4 Be5 25. Nf6+ Bxf6 26. Rxf6 Rxf6 27. gxf6
Nf5 28. Bxf5 exf5 29. Kh1 Kf7 30. Rg1 Rg8 31. Qd1 Rxg1+ 32. Qxg1 Kxf6 33. Qxa7
Qb5 34. Qd4+ Kf7 35. a4 {(=)} 1/2-1/2

[Event "2BLN 2122 SF Berlin II - SK Zehlendorf"]
[Site "?"]
[Date "2022.07.03"]
[Round "10.6"]
[White "Hoffmann, Udo"]
[Black "Floeel, Helmut"]
[Result "1-0"]
[WhiteElo "2304"]
[BlackElo "2063"]
[PlyCount "100"]
[EventDate "2022.??.??"]

1. e4 c5 2. Nf3 e6 3. b3 a6 4. Bb2 d6 5. d4 cxd4 6. Nxd4 Nf6 7. Bd3 Be7 8. Qe2
Nbd7 9. c4 Qc7 10. Nc3 b6 11. O-O Bb7 12. Kh1 Nc5 13. Bc2 Rd8 14. Rac1 O-O 15.
f4 Rfe8 16. e5 dxe5 17. fxe5 Rxd4 18. Nb5 axb5 19. Bxd4 Nfe4 20. Bxc5 Bxc5 21.
Bxe4 Bxe4 22. Qxe4 b4 23. Rcd1 Rd8 24. Qh4 Rxd1 25. Rxd1 Be7 26. Qd4 g6 27. Qd7
Qxd7 28. Rxd7 Bc5 29. g4 h6 30. Kg2 Kf8 31. Kf3 Ke8 32. Ra7 Kf8 33. Ke4 Kg7 34.
h3 Kg8 35. Kd3 Kg7 36. Ra8 Kh7 37. a3 bxa3 38. Kc3 g5 39. b4 Bf2 40. Kb3 Bd4
41. Rb8 Kg6 42. Kxa3 f5 43. exf6 Kxf6 44. Kb3 Ke5 45. Re8 Bf2 46. Ka4 Kd6 47.
Kb5 e5 48. Rh8 e4 49. Re8 e3 50. Re4 Bg1 1-0

[Event "2BLN 2122 SF Berlin II - SK Zehlendorf"]
[Site "?"]
[Date "2022.07.03"]
[Round "10.7"]
[White "Morczynski, Joachim"]
[Black "Rudolf, Henrik"]
[Result "0-1"]
[WhiteElo "1763"]
[BlackElo "2252"]
[PlyCount "62"]
[EventDate "2022.??.??"]

1. e4 c5 2. d4 cxd4 3. c3 Nf6 4. e5 Nd5 5. Qxd4 e6 6. Nf3 Nc6 7. Qc4 f5 8. exf6
Nxf6 9. Qe2 b6 10. g3 a5 11. Bg2 Ba6 12. c4 Bb4+ 13. Bd2 Rc8 14. O-O Qe7 15. a3
Bc5 16. b4 Nd4 17. Qd3 Nxf3+ 18. Qxf3 Bd4 19. Bc3 Bxc3 20. Nxc3 Bxc4 21. Rfc1
O-O 22. Qe3 axb4 23. axb4 b5 24. Qg5 Qxb4 25. Rab1 Qc5 26. Qd2 Rb8 27. Ne4 Nxe4
28. Bxe4 d5 29. Bc2 Rf6 30. Bb3 Rbf8 31. Bxc4 bxc4 0-1

[Event "2BLN 2122 SF Berlin II - SK Zehlendorf"]
[Site "?"]
[Date "2022.07.03"]
[Round "10.8"]
[White "Nogly, Christoph"]
[Black "Bede, Maxime"]
[Result "1-0"]
[WhiteElo "2242"]
[BlackElo "1654"]
[PlyCount "49"]
[EventDate "2022.??.??"]

1. d4 d5 2. Nf3 c6 3. c4 e6 4. Qc2 Nf6 5. g3 Be7 6. Bg2 dxc4 7. Qxc4 Qd5 8. Qc2
Na6 9. O-O Nb4 10. Qd1 Qf5 11. Nc3 Nbd5 12. Ne5 h5 13. h4 Bd6 14. Qb3 Nxc3 15.
Qxc3 O-O 16. Nc4 Bc7 17. Bg5 Ne4 18. Qe3 Nxg5 19. hxg5 Rb8 20. Rac1 h4 21. Ne5
Bxe5 22. dxe5 h3 23. Be4 Qg4 24. Rc4 g6 25. Bd3 1-0